Hệ thống bài tập và bài giải tài chính doanh nghiệp

Uloženo v:
Podrobná bibliografie
Médium: Sách
Jazyk:Undetermined
Vydáno:  Tài chính  2009
Témata:
Tagy: Přidat tag
Žádné tagy, Buďte první, kdo otaguje tento záznam!
Thư viện lưu trữ: Trung tâm Thư viện - Trường Đại học Công nghiệp TP. Hồ Chí Minh
LEADER 00466nam a2200133Ia 4500
001 UIH_06610
008 231011s9999 xx 000 0 und d
082 |a  658.152 
245 0 |a  Hệ thống bài tập và bài giải tài chính doanh nghiệp 
260 |b  Tài chính 
260 |c  2009 
650 |a  Tài chính doanh nghiệp;  
927 |a Sách 
980 |a Trung tâm Thư viện - Trường Đại học Công nghiệp TP. Hồ Chí Minh